Pharmacy Practice (Record no. 17279)
[ view plain ]
| 000 -LEADER | |
|---|---|
| fixed length control field | 00409nam a22001577a 4500 |
| 008 - FIXED-LENGTH DATA ELEMENTS--GENERAL INFORMATION | |
| fixed length control field | 181015b xxu||||| |||| 00| 0 eng d |
| 020 ## - INTERNATIONAL STANDARD BOOK NUMBER | |
| International Standard Book Number | 9381714805 |
| 050 ## - LIBRARY OF CONGRESS CALL NUMBER | |
| Classification number | RS 100.4 |
| Item number | .B35 2014 c.1 |
| 100 ## - MAIN ENTRY--PERSONAL NAME | |
| Personal name | Ballington, Don A. |
| 245 ## - TITLE STATEMENT | |
| Title | Pharmacy Practice |
| Statement of responsibility, etc. | Don A. Ballington |
| 250 ## - EDITION STATEMENT | |
| Edition statement | 5th ed. |
| 300 ## - PHYSICAL DESCRIPTION | |
| Extent | xxix, 642p. |
| 650 ## - SUBJECT ADDED ENTRY--TOPICAL TERM | |
| Topical term or geographic name as entry element | Pharmacy practice |
| 700 ## - ADDED ENTRY--PERSONAL NAME | |
| Personal name | Robert J. Anderson |
| 942 ## - ADDED ENTRY ELEMENTS (KOHA) | |
| Source of classification or shelving scheme | Library of Congress Classification |
| Koha item type | General Collection |
| Withdrawn status | Lost status | Source of classification or shelving scheme | Not for loan | Home library | Current library | Date acquired | Cost, normal purchase price | Total Checkouts | Full call number | Barcode | Date last seen | Date last checked out | Price effective from | Koha item type |
|---|---|---|---|---|---|---|---|---|---|---|---|---|---|---|
| Library of Congress Classification | Kabarak, Main Campus | Kabarak, Main Campus | 15/10/2018 | 4995.00 | 1 | RS 100.4 .B35 2014 c.1 | 024653 | 08/11/2019 | 29/08/2019 | 15/10/2018 | General Collection |